Las Mujeres productoras de alimentos en Costa Rica: diagnóstico y políticas /

Shranjeno v:
Bibliografske podrobnosti
Glavni avtor: Martín Salazar, Ligia
Drugi avtorji: Román Vega, Isabel, Lara, Silvia
Format: Texto
Izdano: San José: IICA
Oznake: Označite
Brez oznak, prvi označite!

MARC

LEADER 00000 a a2200000 04500
001 24050
003
040
090 |a 170700  
100 |a Martín Salazar, Ligia  
245 |a Las Mujeres productoras de alimentos en Costa Rica: diagnóstico y políticas /  |c Ligia Martín Salazar 
260 |a San José:   |b IICA  
300 |a 94 p.  
700 |a Román Vega, Isabel  
700 |a Lara, Silvia  
999 |c 16796  |d 16796